| 000 -CABECERA |
| Longitud fija campo de control |
01235nam a2200361 a 4500 |
| 001 - NÚMERO DE CONTROL |
| Número de control |
991009606969706706 |
| 003 - IDENTIFICADOR DEL NÚMERO DE CONTROL |
| Identificador del número de control |
OSt |
| 005 - FECHA Y HORA DE LA ÚLTIMA TRANSACCIÓN |
| Fecha y hora de la última transacción |
20211216110827.0 |
| 008 - CÓDIGOS DE INFORMACIÓN DE LONGITUD FIJA |
| Códigos de información de longitud fija |
940131s1993 sp |||||| |00| ||spa|c |
| 020 ## - NÚMERO INTERNACIONAL NORMALIZADO PARA LIBROS |
| Número Internacional Normalizado para Libros (ISBN) |
848769974X |
| 035 ## - NÚMERO DE CONTROL DEL SISTEMA |
| Número de control del sistema |
(ES-BaCBU)b12276364-34csuc_network |
| 035 ## - NÚMERO DE CONTROL DEL SISTEMA |
| Número de control del sistema |
(ES-BaCBU).b12276364 |
| 035 ## - NÚMERO DE CONTROL DEL SISTEMA |
| Número de control del sistema |
(ccuc001)b12276364 |
| 035 ## - NÚMERO DE CONTROL DEL SISTEMA |
| Número de control del sistema |
(OCoLC)802853397 |
| 040 ## - FUENTE DE LA CATALOGACIÓN |
| Centro catalogador de origen |
ES-BaCBU |
| Lengua de catalogación |
cat |
| Centro transcriptor |
CDMR |
| 080 ## - NÚMERO DE LA CLASIFICACIÓN DECIMAL UNIVERSAL |
| Número de la Clasificación Decimal Universal |
007:33 |
| 080 ## - NÚMERO DE LA CLASIFICACIÓN DECIMAL UNIVERSAL |
| Número de la Clasificación Decimal Universal |
001:330 |
| 090 ## - CAMPOS LOCALES |
| Número de clasificación (OCLC) ; Número de clasificación,LLAMADA (RLIN) |
HB133 |
| Signatura local (OCLC) ; Signatura sin dividir, número de libro, CALL (RLIN) |
.M55 1993 |
| 090 ## - CAMPOS LOCALES |
| Número de clasificación (OCLC) ; Número de clasificación,LLAMADA (RLIN) |
HB133 |
| Signatura local (OCLC) ; Signatura sin dividir, número de libro, CALL (RLIN) |
.M55 1993 |
| 100 1# - PUNTO DE ACCESO PRINCIPAL-NOMBRE DE PERSONA |
| Nombre de persona |
Millán Pereira, Juan Luis. |
| 245 13 - MENCIÓN DE TÍTULO |
| Título |
La Economía de la información / |
| Mención de responsabilidad, etc. |
Juan Luis Millán Pereira |
| 260 ## - PUBLICACIÓN, DISTRIBUCIÓN, ETC. (PIE DE IMPRENTA) |
| Lugar de publicación, distribución, etc. |
Madrid : |
| Nombre del editor, distribuidor, etc. |
Trotta, |
| Fecha de publicación, distribución, etc. |
cop. 1993 |
| 300 ## - DESCRIPCIÓN FÍSICA |
| Extensión |
163 p. ; |
| Dimensiones |
24 cm |
| 504 ## - NOTA DE BIBLIOGRAFÍA, ETC |
| Nota de bibliografía, etc. |
Bibliografia |
| 650 #0 - PUNTO DE ACCESO ADICIONAL DE MATERIA - TÉRMINO DE MATERIA |
| Término de materia o nombre geográfico como elemento inicial |
Indústries culturals |
| 9 (RLIN) |
4171 |
| Subdivisión de materia general |
Aspectes econòmics |
| 650 04 - PUNTO DE ACCESO ADICIONAL DE MATERIA - TÉRMINO DE MATERIA |
| Término de materia o nombre geográfico como elemento inicial |
Mitjans de comunicació de massa |
| Subdivisión de materia general |
Aspectes econòmics |
| 650 04 - PUNTO DE ACCESO ADICIONAL DE MATERIA - TÉRMINO DE MATERIA |
| Término de materia o nombre geográfico como elemento inicial |
Informació, Teoria de la |
| Subdivisión de materia general |
Aspectes econòmics |
| 830 #0 - PUNTO DE ACCESO ADICIONAL DE SERIE - TÍTULO UNIFORME |
| Título uniforme |
Estudios e investigaciones (Trotta) ; |
| Designación de volumen o secuencia |
Economía |
| 830 #0 - PUNTO DE ACCESO ADICIONAL DE SERIE - TÍTULO UNIFORME |
| Título uniforme |
Estructuras y procesos (Trotta). |
| Nombre de parte o sección de la obra |
Economía |
| 907 ## - ELEMENTO G DATOS LOCALES, GDL (RLIN) |
| a |
.b12276364 |
| b |
17-06-21 |
| c |
07-05-08 |
| d |
31-01-94 |
| e |
m |
| f |
a |
| g |
- |
| h |
spa |
| i |
sp |
| j |
3 |
| k |
8 |
| 908 ## - CONTROL DE PARÁMETROS (RLIN) |
| Parametro de comando lanzado |
UAB |
| -- |
UB |
| -- |
UdG |
| -- |
UdL |
| -- |
UPC |
| -- |
UPF |
| -- |
UVic-UCC |
| -- |
URL |
| -- |
GEPA |
| 942 ## - ENTRADA DE ELEMENTOS AGREGADOS (KOHA) |
| Fuente de clasificaión o esquema |
|
| Koha [por defecto] tipo de item |
Monografies |